Murieron por sus creencias : (Registro nro. 60711)
[ vista simple ]
| 000 -LEADER | |
|---|---|
| fixed length control field | 00887nam a2200253 a 4500 |
| 001 - CONTROL NUMBER | |
| control field | 60711 |
| 005 - DATE AND TIME OF LATEST TRANSACTION | |
| control field | 20180714062055.0 |
| 008 - FIXED-LENGTH DATA ELEMENTS--GENERAL INFORMATION | |
| fixed length control field | 140415s2012 mx 000 0 spa d |
| 020 ## - INTERNATIONAL STANDARD BOOK NUMBER | |
| International Standard Book Number | 9786074523331 |
| 040 ## - CATALOGING SOURCE | |
| Original cataloging agency | MX-PuUPA |
| Language of cataloging | spa |
| Description conventions | rda |
| Transcribing agency | Mx-PuUPA |
| Modifying agency | Mx-PuUPA |
| 041 ## - LANGUAGE CODE | |
| Language code of text/sound track or separate title | spa |
| 082 0# - DEWEY DECIMAL CLASSIFICATION NUMBER | |
| Classification number | 972.0622 |
| Item number | GON |
| 100 1# - MAIN ENTRY--PERSONAL NAME | |
| Personal name | González Morfín, Juan |
| Relator term | autor |
| 245 10 - TITLE STATEMENT | |
| Title | Murieron por sus creencias : |
| Remainder of title | la guerra de los cristeros: hitos y mitos / |
| Statement of responsibility, etc. | Juan González Morfín. |
| 250 ## - EDITION STATEMENT | |
| Edition statement | Primera edición |
| 264 #1 - PRODUCTION, PUBLICATION, DISTRIBUTION, MANUFACTURE, AND COPYRIGHT NOTICE | |
| Place of production, publication, distribution, manufacture | México, D. F. : |
| Name of producer, publisher, distributor, manufacturer | Panorama Editorial, |
| Date of production, publication, distribution, manufacture, or copyright notice | 2012 |
| 300 ## - PHYSICAL DESCRIPTION | |
| Extent | 136 páginas ; |
| Dimensions | 21 cm. |
| 336 ## - CONTENT TYPE | |
| Content type term | texto |
| Source | rdacontent |
| 337 ## - MEDIA TYPE | |
| Media type term | sin mediación |
| Source | rdamedia |
| 338 ## - CARRIER TYPE | |
| Carrier type term | volumen |
| Source | rdacarrier |
| 650 #4 - SUBJECT ADDED ENTRY--TOPICAL TERM | |
| Topical term or geographic name entry element | Iglesia católica |
| Geographic subdivision | México |
| 650 14 - SUBJECT ADDED ENTRY--TOPICAL TERM | |
| Topical term or geographic name entry element | Iglesia y Estado |
| General subdivision | Historia |
| Chronological subdivision | Siglo xx |
| Geographic subdivision | México |
| 651 #4 - SUBJECT ADDED ENTRY--GEOGRAPHIC NAME | |
| Geographic name | México |
| General subdivision | Historia |
| Chronological subdivision | Conflicto religioso, 1926-1929 |
| Withdrawn status | Lost status | Source of classification or shelving scheme | Damaged status | Not for loan | Collection code | Home library | Current library | Shelving location | Date acquired | Source of acquisition | Inventory number | Total Checkouts | Full call number | Barcode | Date last seen | Price effective from | Koha item type |
|---|---|---|---|---|---|---|---|---|---|---|---|---|---|---|---|---|---|
| Dewey Decimal Classification | Consulta en sala | Archivo Motolinia | Biblioteca Karol Wojtyla | Biblioteca Karol Wojtyla | Sala "Colecciones Especiales" | 03/12/2013 | Compra | 151000000000000000082404 | 972.0622 GON 2013 | 91647 | 05/01/2026 | 18/08/2014 | Libro | ||||
| Dewey Decimal Classification | General | Biblioteca Karol Wojtyla | Biblioteca Karol Wojtyla | Sala general | 19/07/2017 | Compra | 151000000000000000037874 | 972.0622 GON 2012 | 91648 | 05/01/2026 | 20/07/2017 | Libro |